| 000 | 00573nam a22001697a 4500 | ||
|---|---|---|---|
| 005 | 20231107090047.0 | ||
| 008 | 231107b |||||||| |||| 00| 0 eng d | ||
| 020 | _a070210289 | ||
| 041 | _aEnglish | ||
| 082 | _a346.47 GER | ||
| 100 |
_aGerntholtz, ROP _lEnglish |
||
| 245 |
_aPrinciples of South African Patent Law and a Comparative Reference to German Patent Law / _cROP Gerntholtz |
||
| 260 |
_aCape Town : _bJuta and Company Ltd, _c1971 |
||
| 300 |
_bxxvi, 461 pages ; _c26 cm. |
||
| 650 |
_aLegal practice _bLaw |
||
| 942 |
_cBK _6ALISON_BN_VRIES |
||
| 999 |
_c355 _d355 |
||